Sociétaires des Grosses Têtes - Époque Philippe Bouvard (1977-2014) - Statistiques

Statistiques générales
  • Ce quiz a été pris 267 fois
  • Le résultat moyen est 74 sur 541
Statistiques - réponses
Première participation Sociétaire % Correct
1977 Sim
93%
1977 Jacques Martin
81%
1995 David Martin
79%
1982 Carlos
76%
1980s Amanda Lear
74%
1990s Bob Castel
71%
1981 Gérard Jugnot
71%
1980 Olivier de Kersauson
71%
2008 Robert Castel
71%
1977 Jean Yanne
69%
1982 Patrick Sébastien
69%
1990 Guy Montagné
67%
1988 Isabelle Mergault
67%
? Hector Rolland
64%
1977 Jacques Balutin
64%
1980s Léon Zitrone
64%
1996 Laurent Ruquier
62%
1980s Jackie Sardou
60%
2001 Jean-Marie Bigard
60%
? Michel Blanc
60%
1991 Michel Sardou
60%
1977 Francis Perrin
57%
2010 Noëlle Perna
57%
1999 Pierre Bénichou
57%
1985 Bernard Mabille
55%
2000 Christophe Dechavanne
55%
1984 Claude Sarraute
52%
? Guy Lux
52%
1992 Laurent Baffie
52%
1981 Philippe Castelli
52%
1994 Vincent Perrot
52%
1998 Jean-Jacques Peroni
50%
? Marie-Paule Belle
50%
1990s Stéphane Bern
50%
1977 Thierry Le Luron
50%
? Jacques Fabbri
48%
1981 Josiane Balasko
48%
2001 Fabrice
45%
1990 Jean-Pierre Foucault
45%
2001 Laurent Gerra
45%
1993 Thierry Roland
45%
2010 Chantal Ladesou
43%
1977 Jean Lefebvre
43%
? Michel Drucker
43%
1992 Pierre Bellemare
43%
1984 Darie Boutboul
40%
1990 Jean-Pierre Coffe
40%
1982 Macha Méril
40%
1996 Michel Galabru
40%
2009 Patrick de Funès
40%
2004 Philippe Chevallier
40%
? René Lefebvre
40%
1981 Stéphane Collaro
40%
1986 Évelyne Leclercq
38%
1990 Gérard Hernandez
38%
? Michel Serrault
38%
? Professeur Choron
38%
1990s Robert Sabatier
38%
2000s Stéphane Denis
38%
1983 Jacques François
36%
1980s Jane Birkin
36%
2001 Jean Amadou
36%
1983 Michèle Bernier
36%
? Mimie Mathy
36%
1980 Valérie Mairesse
36%
? Dorothée
33%
1990 Jean Benguigui
33%
? Nagui
33%
1980s Pierre Desproges
33%
? Raymond Devos
33%
1977 Roger Pierre
33%
? Anémone
31%
2000 Anne Roumanoff
31%
1990 Brigitte Lahaie
31%
? Chantal Goya
31%
1997 Christian Morin
31%
1994 Frédéric Mitterrand
31%
1982 Jean-Claude Brialy
31%
1977 Jean Dutourd
31%
2001 Jean-Luc Reichmann
31%
2007 Liane Foly
31%
1977 Marie Laforêt
31%
1994 Nathalie Simon
31%
? Pascal Légitimus
31%
? Patrice Laffont
31%
? Pierre Palmade
31%
1980 Roger Carel
31%
1993 Vincent Lagaf'
31%
1980s Yves Mourousi
31%
1980s Alice Sapritch
29%
? Camille Dutourd
29%
? Didier Bourdon
29%
1980s Enrico Macias
29%
1980 Jean d'Ormesson
29%
2000 Laurence Boccolini
29%
1981 Martin Lamotte
29%
? Pierre Perret
29%
? Pierre-Petit
29%
? Daniel Balavoine
26%
1996 Isabelle Alonso
26%
1983 Jacques Mailhot
26%
1980s Jean Carmet
26%
1985 Rika Zaraï
26%
1982 Sophie Garel
26%
? Charles Gérard
24%
1992 Denise Fabre
24%
1993 Fabienne Thibeault
24%
1981 Jean-Jacques
24%
? Jean-Marc Thibault
24%
1997 Pierre Tchernia
24%
2011 Princess Erika
24%
? Serge Lama
24%
1993 Alexandre Debanne
21%
1983 Arlette Didier
21%
1994 Bernard Montiel
21%
1985 Francis Lalanne
21%
1980s Gérard Klein
21%
1993 Guillaume Durand
21%
1990s Julien Courbet
21%
1996 Julien Lepers
21%
? Michel Boujenah
21%
1995 Pascal Sevran
21%
1986 Paul Lefèvre
21%
2013 Philippe Candeloro
21%
? Philippe Risoli
21%
? Robert Thomas
21%
1980s Roger Zabel
21%
2012 Smaïn
21%
? Yvan Burger
21%
? Bernadette Lafont
19%
1981 Bernard Blier
19%
1984 Bernard Tapie
19%
? Bruno Masure
19%
1985 Charlotte de Turckheim
19%
? Élie Kakou
19%
1994 Jacques Pradel
19%
? Jean-Jacques Debout
19%
? Jeanne Moreau
19%
2001 Karl Zéro
19%
1997 Marie Lecoq
19%
? Michel Audiard
19%
? Michèle Laroque
19%
? Odette Laure
19%
? Pierre Arditi
19%
? Sophie Favier
19%
? Sylvie Joly
19%
1980s Véronique Genest
19%
1993 Victoria Abril
19%
? William Leymergie
19%
? Yves Lecoq
19%
1981 Alain Gillot-Pétré
17%
1996 Bernard Pivot
17%
1985 Danièle Gilbert
17%
2001 Éric Laugérias
17%
? France Roche
17%
? Lolo Ferrari
17%
1999 Marianne James
17%
? Marie Fugain
17%
? Michel Fugain
17%
1988 Michel Leeb
17%
2013 Mylène Demongeot
17%
? Richard Berry
17%
1993 Sophie Davant
17%
1977 André Gaillard
14%
? André Lamy
14%
? Armand Lanoux
14%
1986 Bernard Loiseau
14%
1987 Bertrand Poirot-Delpech
14%
? Bruno Carette
14%
1982 Christian Marin
14%
? Dalida
14%
1977 Daniel Ceccaldi
14%
1993 Dave
14%
1996 David Douillet
14%
1995 Fabienne Égal
14%
? Frédéric Dard
14%
? Gérard Oury
14%
? Henri Salvador
14%
1980s Jacques Chazot
14%
? Jacques Marin
14%
1993 Jean-Pierre Pernaut
14%
? Jean Poiret
14%
1990 Marie-Pierre Casey
14%
? Maurane
14%
? Michel Legrand
14%
2011 Mireille Dumas
14%
2006 Nikos Aliagas
14%
1980s Olga Georges-Picot
14%
1996 Olivier Lejeune
14%
1986 Paul Bocuse
14%
1995 Raphaël Mezrahi
14%
1982 Robert Lamoureux
14%
? Roger Hanin
14%
2001 Roland Magdane
14%
1977 Sophie Desmarets
14%
1999 Tex
14%
? Thierry Beccaro
14%
? Victor Lanoux
14%
? Anne-Marie Carrière
12%
? Catherine Lara
12%
1983 Charles Level
12%
? Claude Piéplu
12%
? Évelyne Dhéliat
12%
? Fabrice Luchini
12%
? Françoise Fabian
12%
1986 Françoise Xenakis
12%
? Guy Grosso
12%
? Jacques Laurent
12%
2001 Jacques Séguéla
12%
? Marcel Marceau
12%
? Marion Game
12%
1977 Ménie Grégoire
12%
? Michel Modo
12%
1995 Pascal Brunner
12%
? Patrick Bosso
12%
1980s Paul Guth
12%
1980s Peter Ustinov
12%
1980 Philippe Couderc
12%
1982 Philippe Lavil
12%
? Pierre Mondy
12%
1986 Pierre Troisgros
12%
? Plastic Bertrand
12%
2001 Rolland Courbis
12%
1980s Sacha Distel
12%
2008 Sébastien Cauet
12%
? Yves Robert
12%
? Zazie
12%
1997 André Santini
10%
2009 Armelle
10%
? Bernard Menez
10%
? Daniel Guichard
10%
1982 Francis Huster
10%
2001 Frigide Barjot
10%
? Gérard de Villiers
10%
? Gilbert Bécaud
10%
? Haroun Tazieff
10%
? Henri Guybet
10%
? Inès de La Fressange
10%
1998 Isabelle Nanty
10%
? Jackie Berroyer
10%
? Jacques Capelovici
10%
2005 Jacques Chancel
10%
2005 Jean-François Dérec
10%
? Marthe Villalonga
10%
? Michel Creton
10%
1985 Michel Roux
10%
1997 Yvan Le Bolloc'h
10%
2001 Ariel Wizman
7%
1998 Cécile Bois
7%
? Cendrine Dominguez
7%
? Claire Nadeau
7%
? Claude Chabrol
7%
1982 Corinne Le Poulain
7%
? Daniel Gélin
7%
1987 Diane Tell
7%
? Didier Barbelivien
7%
2002 Didier Bénureau
7%
? François Périer
7%
? Frédéric Diefenthal
7%
1996 Garcimore
7%
? Georges Beller
7%
? Gérald Dahan
7%
? Gustave Parking
7%
? Jean-Claude Pascal
7%
1978 Jean Le Poulain
7%
? Jean-Marie Rivière
7%
1990 Karen Cheryl
7%
2012 Linda Hardy
7%
? Marcel Jullian
7%
1994 Marlène Mourreau
7%
1991 Nicoletta
7%
2008 Pascal Sellem
7%
? Patrice Drevet
7%
? Philippe Vandel
7%
? Robert Charlebois
7%
1993 Robert Hossein
7%
? Roland Topor
7%
1992 Sophie Darel
7%
1996 Alain Decaux
5%
1996 Alphonse Boudard
5%
? André Castelot
5%
? Anny Duperey
5%
? CharlÉlie Couture
5%
1993 Charly Oleg
5%
1980s Christine Fabréga
5%
2001 Cyrielle Clair
5%
? Dolores Chaplin
5%
1980 Edgar Faure
5%
? Georgette Lemaire
5%
1985 Gloria Lasso
5%
? Hermine de Clermont-Tonnerre
5%
1995 Hubert Wayaffe
5%
? Huguette Maure
5%
1995 Isabelle Quenin
5%
? Jean Dell
5%
? Jean-Hugues Lime
5%
? Jean-Marie Cavada
5%
? Jean Piat
5%
? Jean-Pierre Rives
5%
2008 José Artur
5%
1980s Josephine Chaplin
5%
? Julie Pietri
5%
1996 Juliette
5%
1984 Laurence Badie
5%
1989 Lova Moor
5%
? Marcel Béliveau
5%
? Marc Jolivet
5%
? Marlène Jobert
5%
? Marthe Mercadier
5%
1980 Maurice Rheims
5%
? Moustache
5%
1995 Ophélie Winter
5%
? Patrick Préjean
5%
? Philippe Clair
5%
? Philippe Clay
5%
1982 Pierre Doris
5%
? Popeck
5%
? Robert Dalban
5%
? Roger Peyrefitte
5%
? Seymour Brussel
5%
1996 Valérie Payet
5%
1990 Yolaine de La Bigne
5%
1980s Akky Masterpièce
2%
? Alex Métayer
2%
1985 Amarande
2%
? Arthur Conte
2%
? Carole
2%
1988 Carole Varenne
2%
2011 Caromb
2%
? Chantal Nobel
2%
? Claude Darget
2%
? Coccinelle
2%
1980s Cory Bonanza
2%
1983 Darry Cowl
2%
? Demis Roussos
2%
? Dominique Frémy
2%
1991 Francis Zégut
2%
? Frédérique Hébrard
2%
? Gérard Majax
2%
? Hervé Bazin
2%
? Isabelle de Botton
2%
? Jacques Veissid
2%
? Jean-Claude Dreyfus
2%
? Jean-Edern Hallier
2%
? Jean-Éric Bielle
2%
? Jean Farran
2%
? Jean-Jacques Gautier
2%
? Jean-Michel Royer
2%
1993 Jean-Pierre Aumont
2%
? Jean-Pierre Darras
2%
2008 Jérôme Béglé
2%
? Jill Lucas
2%
? Joseph Poli
2%
2000 Karl Lagerfeld
2%
1985 Linda de Suza
2%
? Louis Acariès
2%
1985 Ludmila Tcherina
2%
? Mallaury Nataf
2%
1997 Marcel Bigeard
2%
1981 Marianne Sergent
2%
? Marie-Christine Barrault
2%
1997 Marie-Claude Bomsel
2%
1986 Maud de Belleroche
2%
? Michel Dejeneffe (Tatayet)
2%
1981 Michèle Frémy
2%
? Micheline Boudet
2%
? Micheline Presle
2%
2001 Natacha Amal
2%
? Nicole Croisille
2%
? Philippe Labro
2%
1981 Piéral
2%
? Pierre Sabbagh
2%
? Régine Deforges
2%
? René Andrieu
2%
1985 Rita Xénon
2%
1987 Sapho
2%
2011 Savennières
2%
? Sylvie Dreyfus
2%
1994 Tina Kieffer
2%
1993 Valérie-Anne Giscard d'Estaing
2%
? Valérie Kaprisky
2%
? Viviane Lucas
2%
1988 Ysabelle Lacamp
2%
1996 Adeline Blondieau
0%
1990 Agnès Soral
0%
1985 Alain Bombard
0%
2002 Albert Algoud
0%
? Alexandra Kazan
0%
? Alexandre Sanguinetti
0%
1988 Alfa Formula
0%
? Alice Saunier-Seïté
0%
1985 Andréa Ferréol
0%
? André Bercoff
0%
? André Soubiran
0%
? André Valardy
0%
1988 Anna Karina
0%
? Anne-Marie Peysson
0%
? Anne Randal
0%
1980s Anne Zamberlan
0%
? Annie Pujol
0%
? Bernard Dimey
0%
? Bernard Haller
0%
1988 Catherine Breillat
0%
? Catherine Lachens
0%
1977 Catherine Rouvel
0%
2011 Catherine Solano
0%
? Chantal Alves
0%
1993 Chantal Gallia
0%
? Chine Lanzmann
0%
2001 Christian De Paepe
0%
2002 Christiane Collange
0%
? Christian Jolibois
0%
? Claire Gallois
0%
? Claude Dauphin
0%
? Claude Rollet
0%
? Dany Saval
0%
? Didier van Cauwelaert
0%
? Docteur Karelman
0%
1985 Dominique Paturel
0%
? Eddie Constantine
0%
? Élisabeth Tordjman
0%
? Élisa Servier
0%
1981 Élizabeth Teissier
0%
1997 Emmanuel de Brantes
0%
? Éric Morena
0%
1982 Éva Darlan
0%
1985 Evane Hanska
0%
1983 Évelyne Pagès
0%
? Farid Chopel
0%
1982 Francis Girod
0%
? François de Cossé-Brissac
0%
? Françoise Morasso
0%
? Françoise Parturier
0%
? Frédéric Lebon
0%
? Frédéric Rossif
0%
1986 Geneviève Dormann
0%
1986 Geneviève Fontanel
0%
? Georges Descrières
0%
? Gérard Séty
0%
? Guy Piérauld
0%
1996 Guy Savoy
0%
? Gwendoline Hamon
0%
2001 Hélène Rodier
0%
1981 Henri Amoroso
0%
? Henri Tisot
0%
? Henri Virlogeux
0%
1998 Henry-Jean Servat
0%
? Ibrahim Seck
0%
1990 Isaac de Bankolé
0%
? Jack Lantier
0%
? Jacqueline Nubret
0%
? Jacques Faizant
0%
? Jacques Jouanneau
0%
? Jacques Lesage
0%
? James de Coquet
0%
2000s Jean-Charles De Keyser
0%
? Jean Ferniot
0%
? Jean-François Chiappe
0%
? Jean-Jacques Devaux
0%
? Jean-Louis Bory
0%
1981 Jean-Luc Bideau
0%
1990s Jean-Pierre Gauffre
0%
? Jean-Pierre Rampal
0%
1981 Jean Rignac
0%
2013 Jean Sarrus
0%
? Jean Saurel
0%
? Jérôme Savary
0%
1990 Julie Arnold
0%
2001 Julie Snyder
0%
? Laurence Cochet
0%
? Laurent Gamelon
0%
? Lise Delamare
0%
1982 Lisette Malidor
0%
? Manouche
0%
? Manu Dibango
0%
? Manuel Pratt
0%
1993 Marcel Amont
0%
? Marcel Philippot
0%
? Marcel Zanini
0%
? Maria Mauban
0%
? Marie-Christine Debourse
0%
? Marie-Hélène Breillat
0%
1981 Mario de Sabato
0%
? Maurice Baquet
0%
? Max Montavon
0%
? Michel Cardoze
0%
? Michel Duchaussoy
0%
1999 Michèle Fitoussi
0%
? Michel Lagueyrie
0%
1987 Michel Mohrt
0%
2001 Mike
0%
2001 Mike Deville
0%
? Mimi Coutelier
0%
? Minouche Barelli
0%
1982 Mose
0%
? Nadine de Rothschild
0%
? Nancy Holloway
0%
1986 Nathaniel
0%
1982 Nelly Kaplan
0%
2013 Nicolas d'Estienne d'Orves
0%
? Nicolas Peyrac
0%
? Nicole Courcel
0%
? Nicole Russell
0%
? Nytis
0%
? Olivia Valère
0%
1985 Patrick Baudry
0%
? Paulette Bigot
0%
? Paul-Loup Sulitzer
0%
? Paul Meurisse
0%
2000 Peggy Bouchet
0%
1984 Philippe de Dieuleveult
0%
? Philippe Nicaud
0%
2012 Pierre Aucaigne
0%
2009 Pierre Combescot
0%
? Pierre Daninos
0%
? Pierre Douglas
0%
? Pierre Duban
0%
1994 Pierre Vassiliu
0%
1980s Raffa Thermidor
0%
? Raymond Bussières
0%
? Raymond Castans
0%
? Raymond Gérôme
0%
? Régine Crespin
0%
? Remo Forlani
0%
? René Fallet
0%
? Richard Taxy
0%
? Robert Beauvais
0%
? Robert Dhéry
0%
? Robert J. Courtine
0%
1987 Rose Laurens
0%
1970s Rufus
0%
? Sabine Paturel
0%
? Sabrina Belleval
0%
2009 Sandrine Sarroche
0%
1982 Sylvie Manchon
0%
2012 Tanguy Pastureau
0%
? Teddy Vrignault
0%
1980s Tiny Sémaphore
0%
? Vincent Brugère
0%
? Virginie Taittinger
0%
? Yvan Audouard
0%
Aucun quiz correspondant
Distribution des résultats
% des personnes avec chaque résultat
Percentile par nombre de réponses
Votre historique - résultats
Vous n’avez pas pris ce quiz